LEADER 02268nam a2200301 i 4500 001 000000360591 003 CaOOAMICUS 005 20241106140503.0 008 241106s2017 it u100 u ita u 020 $a978-88-6879-474-3 040 $aSeMil$bita 245 03$aIl matrimonio, cardine dell'economia sacramentaria /$ca cura di Alexandra Diriart e Mirjana Gegaj. 264 1$aSiena :$bCantagalli,$c2017. 300 $a184 p. ;$c24 cm. 490 1 $aStudi sulla persona e la famiglia ;$v37 500 $aAtti del 3. Colloquio, Roma, 22 aprile 2016 505 00$aUn cardine che apre e struttura / Livio Melina. -- Il Cantico dei Cantici : ovvero: il corpo come discorso amoroso / Mario Cucca. -- Senza differenza sessuale niente simbolismo : antropologia nuziale e teologia sacramentaria / José Granados. -- Il matrimonio, 'realtą mondana' : la perdita della sacramentalitą creaturale in Lutero e la risposta cattolica / Nicolįs Įlvarez de las Asturias. -- Il matrimonio nel contesto degli altri sacramenti : la dimensione nuziale delle catechesi battesimali tra similitudine, circolaritą e dissimetria / Alexandra Diriart. -- Il ristoro del matrimonio : una visione sacramentale secondo Tolkien / Michaėl Devaux. -- Ministerialitą nel matrimonio e significazione ecclesiale : piste di riflessione a partire da alcuni testi di San Tommaso d'Aquino / Stefano Salucci. --Il corpo per-gli-altri nella teologia eucaristica di J. Ratzinger / Mirjana Gegaj 650 4$aTeologia morale - Atti di congressi.$0(OLS)http://semarc/subject/18499 650 4$aMatrimonio - Atti di congressi.$0(OLS)http://semarc/subject/32359 700 1 $aDiriart, Alexandra,$d<1968- >.$0(OLS)http://semarc/name/82971 700 1 $aGegaj, Mirjana.$0(OLS)http://semarc/name/120848 830 0$aStudi sulla persona e la famiglia ;$v37.$0(OLS)http://semarc/title/443747 850 $aSeMil 852 $aSeMil$W1$xVenegono$y1$m2MA J 37$j252134$B251595$CSeMilBibl$Z2$F251595 $81 996 $6020$a978-88-6879-474-3$9(OLS)http://semarc/number/301718 996 $6245$aIl matrimonio, cardine dell'economia sacramentaria$9(OLS)http://semarc/title/451109 996 $6264$aSiena :$bCantagalli$9(OLS)http://semarc/publisher/29767 LEADER 00743nam a2200193 i 4500 001 000000209609 003 CaOOAMICUS 005 20111220000000.0 008 111220s1843 it u000 u ita u 013 $a188399 040 $aSeMil$bita 100 1 $aCuoco, Vincenzo,$d<1770-1823>.$0(OLS)http://semarc/name/8291 245 10$aTomo 2. 300 $a385 p. 773 0 $aCuoco, Vincenzo <1770-1823>$tPlatone in Italia.$bTerza edizione riveduta, corretta e preceduta dalla vita dell'Autore.$dLugano : Tipografia della Svizzera Italiana, 1843.$g2$w()26041 850 $aSeMil 852 $aSeMil$W1$xVenegono$y1$m1U IV 35 FA$j160060$B160060$CSeMilBibl$Z2$F171108 $8I 961 $aRecupero: Altro 996 $6245$aTomo 2$9(OLS)http://semarc/title/49331